Comparative politics of the Third World : (Record no. 8322)
[ view plain ]
| 000 -LEADER | |
|---|---|
| fixed length control field | 02241nac a22003251u 4500 |
| 010 ## - LIBRARY OF CONGRESS CONTROL NUMBER | |
| LC control number | 2007000281 |
| 020 ## - INTERNATIONAL STANDARD BOOK NUMBER | |
| International Standard Book Number | 9781588264633 (pbk. : alk. paper) |
| 020 ## - INTERNATIONAL STANDARD BOOK NUMBER | |
| International Standard Book Number | 1588264637 (pbk. : alk. paper) |
| 035 ## - SYSTEM CONTROL NUMBER | |
| System control number | (OCoLC)ocm79859706 |
| 035 ## - SYSTEM CONTROL NUMBER | |
| System control number | (OCoLC)79859706 |
| 082 00 - DEWEY DECIMAL CLASSIFICATION NUMBER | |
| Classification number | 320.3091724 |
| Item number | GRE |
| 090 ## - LOCALLY ASSIGNED LC-TYPE CALL NUMBER (OCLC); LOCAL CALL NUMBER (OCLC) | |
| -- | 8322 |
| -- | 8322 |
| 100 ## - MAIN ENTRY--PERSONAL NAME | |
| Personal name | Green, December. |
| 245 10 - TITLE STATEMENT | |
| Title | Comparative politics of the Third World : |
| Remainder of title | linking concepts and cases / |
| Statement of responsibility, etc | December Green, Laura Luehrmann. |
| 250 ## - EDITION STATEMENT | |
| Edition statement | 2nd ed. |
| 260 ## - PUBLICATION, DISTRIBUTION, ETC. (IMPRINT) | |
| Place of publication, distribution, etc | Boulder : |
| Name of publisher, distributor, etc | Lynne Rienner Publishers,2007. |
| Date of publication, distribution, etc | 2007. |
| 300 ## - PHYSICAL DESCRIPTION | |
| Extent | xiv, 546 p. : |
| Other physical details | ill., maps ; |
| Dimensions | 26 cm. |
| 500 ## - GENERAL NOTE | |
| General note | Distributer: Al-Ahram |
| 504 ## - BIBLIOGRAPHY, ETC. NOTE | |
| Bibliography, etc | Includes bibliographical references (p. 524-535) and index. |
| 505 0# - FORMATTED CONTENTS NOTE | |
| Formatted contents note | Introducing comparative studies -- Precolonial history (or, what your "World Civ" class might have left out) -- Colonialism : gold, God, glory -- Independence or in dependence? -- Linking concepts and cases -- Globalization : cause or cure for underdevelopment? -- Structural adjustment : prices and politics -- Alternative approaches to development -- Linking concepts and cases -- From ideas to action : the power of civil society -- Linking concepts and cases -- The call to arms : violent paths to change -- Linking concepts and cases -- Ballots, not bullets : seeking democratic change -- Political transitions : real or virtual? -- Linking concepts and cases -- Sovereignty and the role of international organizations -- Global challenges--and responses -- Linking concepts and cases -- Dealing with a superpower : Third World views of the United States -- Linking concepts and cases -- Are we living in a new era? |
| 511 ## - PARTICIPANT OR PERFORMER NOTE | |
| Participant or performer note | Catalogued by: Sara |
| 650 ## - SUBJECT ADDED ENTRY--TOPICAL TERM | |
| Topical term or geographic name as entry element | Developing countries |
| General subdivision | Politics and government |
| 650 ## - SUBJECT ADDED ENTRY--TOPICAL TERM | |
| Topical term or geographic name as entry element | Developing countries |
| General subdivision | Economic policy |
| 651 #0 - SUBJECT ADDED ENTRY--GEOGRAPHIC NAME | |
| Geographic name | Developing countries |
| General subdivision | Politics and government |
| 651 #0 - SUBJECT ADDED ENTRY--GEOGRAPHIC NAME | |
| Geographic name | Developing countries |
| General subdivision | Economic policy |
| 700 1# - ADDED ENTRY--PERSONAL NAME | |
| Personal name | Luehrmann, Laura, |
| Dates associated with a name | 1969- |
| 856 41 - ELECTRONIC LOCATION AND ACCESS | |
| Materials specified | Table of contents only |
| Uniform Resource Identifier | <a href="http://www.loc.gov/catdir/toc/ecip078/2007000281.html">http://www.loc.gov/catdir/toc/ecip078/2007000281.html</a> |
| 942 ## - ADDED ENTRY ELEMENTS (KOHA) | |
| Item type | Book - Borrowing |
| Call number prefix | 320.3091724GRE |
| Withdrawn status | Item status | Damaged status | Not for loan | Home library | Current library | Shelving location | Date acquired | Source of acquisition | Total Checkouts | Total Renewals | Full call number | Barcode | Checked out | Date last seen | Date last borrowed | Koha item type |
|---|---|---|---|---|---|---|---|---|---|---|---|---|---|---|---|---|
| Central Library | Central Library | First floor | 03/03/2008 | Purchase | 10 | 6 | 320.3091724GRE | 000010121 | 12/10/2025 | 05/10/2025 | 05/10/2025 | Book - Borrowing |